S. Chand's Science Pulse Chemistry; (Record no. 207244)

MARC details
000 -LEADER
fixed length control field 00572 a2200193 4500
005 - DATE AND TIME OF LATEST TRANSACTION
control field 20241129144105.0
010 ## - LCCN (DPL NO)
LC control number B-761295
020 ## - INTERNATIONAL STANDARD BOOK NUMBER
International Standard Book Number 9789364688383
Terms of availability 300.00
035 ## - SYSTEM CONTROL NUMBER
System control number B-761295
037 ## - SOURCE OF ACQUISITION
Source of stock number/acquisition Gift/28.11.24
082 ## - DEWEY DECIMAL CLASSIFICATION NUMBER
Classification number 540
100 ## - MAIN ENTRY--PERSONAL NAME
Personal name Rana, R.P.
245 ## - TITLE STATEMENT
Title S. Chand's Science Pulse Chemistry;
Remainder of title for Class 7 Middle School/
Statement of responsibility, etc R.P. Rana
260 ## - PUBLICATION, DISTRIBUTION, ETC. (IMPRINT)
Place of publication, distribution, etc U.P.
Name of publisher, distributor, etc S. Chand's
Date of publication, distribution, etc 2025
270 ## - ADDRESS
Address U. P.
300 ## - PHYSICAL DESCRIPTION
Extent 143 p.
Dimensions 25cm (Pb)
942 ## - ADDED ENTRY ELEMENTS (KOHA)
Institution code [OBSOLETE] dpl
Item type Children Books
Source of classification or shelving scheme Dewey Decimal Classification
Classification part 540
Call number suffix RAN
Holdings
Withdrawn status Lost status Not for loan Collection code Home library Current library Date acquired Source of acquisition Cost, normal purchase price Full call number Barcode Copy number Cost, replacement price Koha item type Public note
      Non-fiction Ashok Vihar Ashok Vihar 29/11/2024 Gift/28.11.24 300.00 540 RAN B-761295 1 300.00 Children Books Gift

© Delhi Public Library
Hit Counter
free hit counter